An Integrated Course in Elecrtical Engineering / (Record no. 152344)
[ view plain ]
| 000 -LEADER | |
|---|---|
| fixed length control field | 00704nam a22001937a 4500 |
| 005 - DATE AND TIME OF LATEST TRANSACTION | |
| control field | 20180601111332.0 |
| 010 ## - LCCN (DPL NO) | |
| LC control number | B-694054 |
| 020 ## - INTERNATIONAL STANDARD BOOK NUMBER | |
| International Standard Book Number | 9788186270974 |
| Terms of availability | 650.00 |
| 035 ## - SYSTEM CONTROL NUMBER | |
| System control number | B-694054 |
| 037 ## - SOURCE OF ACQUISITION | |
| Source of stock number/acquisition | RK Books |
| 082 ## - DEWEY DECIMAL CLASSIFICATION NUMBER | |
| Classification number | 621.3 |
| 100 ## - MAIN ENTRY--PERSONAL NAME | |
| Personal name | Rajput, R.K. |
| 245 ## - TITLE STATEMENT | |
| Title | An Integrated Course in Elecrtical Engineering / |
| Statement of responsibility, etc | R.K. Rajput |
| 260 ## - PUBLICATION, DISTRIBUTION, ETC. (IMPRINT) | |
| Place of publication, distribution, etc | Delhi |
| Name of publisher, distributor, etc | Birla Publications |
| Date of publication, distribution, etc | 2018 |
| 270 ## - ADDRESS | |
| Address | 1/9185, Street No.5, West Rohtash Nagar, Shahdara |
| City | Delhi |
| Postal code | 110032 |
| 300 ## - PHYSICAL DESCRIPTION | |
| Extent | VP. |
| Dimensions | 22Cm (Pbk) |
| 942 ## - ADDED ENTRY ELEMENTS (KOHA) | |
| Source of classification or shelving scheme | Dewey Decimal Classification |
| Item type | English Books |
| Classification part | 621.3 |
| Call number suffix | RAJ |
| Withdrawn status | Lost status | Not for loan | Collection code | Home library | Current library | Date acquired | Source of acquisition | Cost, normal purchase price | Full call number | Barcode | Copy number | Cost, replacement price | Koha item type |
|---|---|---|---|---|---|---|---|---|---|---|---|---|---|
| Non-fiction | Sarojini Nagar | Sarojini Nagar | 01/06/2018 | R.K.Books/398/23.05.2018/456/18.05.2018/29.05.2018 | 650.00 | 621.3 RAJ | B-694054 | 1 | 650.00 | English Books |
